Пропуск в контексте
VuFind
Язык
English
Deutsch
Español
Français
Italiano
日本語
Nederlands
Português
Português (Brasil)
中文(简体)
中文(繁體)
Türkçe
עברית
Gaeilge
Cymraeg
Ελληνικά
Català
Euskara
Русский
Čeština
Suomi
Svenska
polski
Dansk
slovenščina
اللغة العربية
বাংলা
Galego
Tiếng Việt
Hrvatski
हिंदी
Все поля
Заглавие
Автор
Предмет
Шифр
ISBN/ISSN
Метка
Найти
Расширенный поиск
Поиск
Shodh aur samiksha
Цитировать
Отправить на Email
Печать
Запись для экспорта
Экспорт в RefWorks
Экспорт в EndNoteWeb
Экспорт в EndNote
permanent_link
Загрузка...
Shodh aur samiksha
Фонды
Описание
Схожие документы
Marc-запись
LEADER
00157 a2200097 4500
020
260
942
|c
BK
|6
_
245
|a
Shodh aur samiksha
100
999
|c
66584
|d
66584
Схожие документы
Shodh aur samiksha
по: Sharma S P
Shodh aur samiksha /
по: P.L.Gupta
Опубликовано: (1990)
Sidhanth aur samiksha /
по: Santram, Vichitra, Psued
Опубликовано: (1951)
Sahitya aur samiksha /
по: Gulabray
Опубликовано: (1956)
Shodh aur sameeksha
по: Parameswae Lal Guptha
Опубликовано: (1990)
Загрузка...